000 00247nam a22001217a 4500
020 _a9780810457504
041 _aeng
080 _a53
090 _bTAL
100 _aTalley, David.
245 _aBasic Telephone Switching Systems.
999 _c280297
_d280297
942 _cBK